Logo BPK

Biblioteka

Politechniki Koszalińskiej

The Thorndike-Century Junior Dictionary / (Rekord nr 47434)

Szczegóły MARC
000 -ETYKIETA REKORDU
podpole kontrolne o stałej długości 00451nam a2200157 i 4500
001 - NUMER KONTROLNY REKORDU
pole kontrolne bgj
040 ## - ŹRÓDŁO KATALOGOWANIA
Instytucja, która utworzyła rekord BPK
041 ## - KOD JĘZYKA
Kod języka tekstu eng
008 - POLE O STAŁEJ DŁUGOŚCI - DANE KONTROLNE
podpole kontrolne o stałej długości s uk f |000 0 eng
100 1# - NAZWA OSOBOWA
Nazwa osobowa THORNDIKE, E. L.
245 10 - TYTUŁ/ODPOWIEDZIALNOŚĆ
Tytuł The Thorndike-Century Junior Dictionary /
Pozostałe elementy strefy tytułu i oznaczenia odpowiedzialności E. L. Thorndike.
260 ## - STREFA ADRESU WYDAWNICZEGO
Miejsce wydania Chicago :
Nazwa wydawcy/dystrybutora Scott, Foresman and Company,
Data publikacji, dystrybucji/powstania dokumentu c. 1935.
300 ## - STREFA OPISU FIZYCZNEGO
Objętość X, 938 pp. :
Inne cechy fizyczne ill. ;
Rozmiary 22 cm.
650 #9 - HASŁO PRZEDMIOTOWE W FORMIE NAZWY OGÓLNEJ LUB JEDNOSTKOWEJ
Nazwa ogólna lub geograficzna Encyclopedies and |Dictionaries
856 ## - LOKALIZACJA I DOSTĘP DO ELEKTRONICZNYCH DOKUMENTÓW ZDALNYCH
Link (URL) http://koha.tu.koszalin.pl/cgi-bin/koha/opac-detail.pl?biblionumber=47434
Tekst linku Katalog online BPK
942 ## - DODATKOWE ELEMENTY (KOHA)
Typ dokumentu Książka
Egzemplarze
Wycofany Status egzemplarza Uszkodzony Dostępność Lokalizacja stała Lokalizacja bieżąca Miejsce przechowywania Sygnatura Kod kreskowy Typ dokumentu
      Dostępny Biblioteka Politechniki Koszalińskiej Biblioteka Politechniki Koszalińskiej Wypożyczalnia Językowa KA 3761 09055865 Książka
© 2023 Biblioteka Politechniki Koszalińskiej :: KOHA